000 00838nam a22002657a 4500
001 0074
003 DO-SdBPM
005 20250529131619.0
007 0074
008 151113b2002 sp |||| 00| 0 spa d
020 _a9788466716444
040 _a DO-SdBPM
_bspa
_cBPMSU
082 4 _a863.6
_bA388a 2002
_222
100 1 0 _aAlfonseca, Manuel
_d1946-
245 1 3 _aLa aventura de sir karel de Nortumbria /
_cManuel Alfonseca ; ilustración Francisco Solé
260 _aEspaña :
_bAnaya,
_c2002.
300 _a150 p. :
_bil., ;
_319 cm.
490 0 _aEl duende verde,
_v129
590 _aInventariado, 2025/VM
650 4 _a Cuentos juveniles españoles
650 4 _aLas aventuras de Sir Karel
_xAdaptaciones juveniles
700 1 0 _aSolé, Francisco,
_eilustraciones
910 _aVMateo V. Control de calidad. BPMSU
942 _2ddc
_cBK
999 _c8714
_d8714